000
00323nam a22001217a 4500
040
_c
SY
082
_a
339
100
_a
អេង លេង
245
_a
សេដ្ឋកិច្ចកសិកម្ម និង អភិវឌ្ឍន៍ជនបទ
260
_a
RUA
_b
អេង
_c
2008
300
_a
35p.
942
_c
KB
999
_c
9833
_d
9833